Assessment of effective microorganisms technology for treatment of mycotoxins in municipal sewage water and its impact on Eruca sativa / (رقم التسجيلة. 29698)

تفاصيل مارك
000 -LEADER
fixed length control field 01946cam a2200361 a 4500
003 - CONTROL NUMBER IDENTIFIER
control field EG-GiCUC
005 - DATE AND TIME OF LATEST TRANSACTION
control field 20250223030211.0
008 - FIXED-LENGTH DATA ELEMENTS--GENERAL INFORMATION
fixed length control field 100310s2009 ua dh f m 000 0 eng d
040 ## - CATALOGING SOURCE
Original cataloging agency EG-GiCUC
Language of cataloging eng
Transcribing agency EG-GiCUC
041 0# - LANGUAGE CODE
Language code of text/sound track or separate title eng
049 ## - LOCAL HOLDINGS (OCLC)
Holding library Deposite
097 ## - Thesis Degree
Thesis Level M.Sc
099 ## - LOCAL FREE-TEXT CALL NUMBER (OCLC)
Classification number Cai01.12.05.M.Sc.2009.Sa.A
100 0# - MAIN ENTRY--PERSONAL NAME
Personal name Samah Abdelrazik Mohamed Mohamed
245 10 - TITLE STATEMENT
Title Assessment of effective microorganisms technology for treatment of mycotoxins in municipal sewage water and its impact on Eruca sativa /
Statement of responsibility, etc. Samah Abdelrazik Mohamed Mohamed ; Supervised Tahany Mohmed Ali Abdelrahmann , Ahmed Kamel Hegazy , Rabab Bostafa Kadry
246 15 - VARYING FORM OF TITLE
Title proper/short title تقييم تكنولوجيا الميكروبات المؤثرة فى معالجة السموم الفطرية بمياة الصرف الصحى واثرها على نبات الجرجير
260 ## - PUBLICATION, DISTRIBUTION, ETC.
Place of publication, distribution, etc. Cairo :
Name of publisher, distributor, etc. Samah Abdelrazik Mohamed Mohamed ,
Date of publication, distribution, etc. 2009
300 ## - PHYSICAL DESCRIPTION
Extent 121Leaves :
Other physical details charts , facsimiles ;
Dimensions 30cm
502 ## - DISSERTATION NOTE
Dissertation note Thesis (M.Sc.) - Cairo University - Faculty of Science - Department of Botany - Microbiology
520 ## - SUMMARY, ETC.
Summary, etc. Wastewater soil and E. sativa samples were collected from six drains located at Giza Egypt . The physicochemical mycological charateristics of wastewater and soil were studied . The mycotoxin accumulations in E. sativa were estimated . It was found that COD, BOD, TSS nitrogen and phosphate content recorded higher values at the six sites . The mycotoxin accumulation in E. sative was relatively high especially aflatoxin
530 ## - ADDITIONAL PHYSICAL FORM AVAILABLE NOTE
Additional physical form available note Issued also as CD
653 #4 - INDEX TERM--UNCONTROLLED
Uncontrolled term EM technology
653 #4 - INDEX TERM--UNCONTROLLED
Uncontrolled term Mycotoxins
653 #4 - INDEX TERM--UNCONTROLLED
Uncontrolled term Wastewater
700 0# - ADDED ENTRY--PERSONAL NAME
Personal name Ahmed Kamel Hegazy ,
Relator term
700 0# - ADDED ENTRY--PERSONAL NAME
Personal name Rabab Bostafa Kadry ,
Relator term
700 0# - ADDED ENTRY--PERSONAL NAME
Personal name Tahany Mohmed Ali Abdelrahmann ,
Relator term
856 ## - ELECTRONIC LOCATION AND ACCESS
Uniform Resource Identifier <a href="http://172.23.153.220/th.pdf">http://172.23.153.220/th.pdf</a>
902 ## - LOCAL DATA ELEMENT B, LDB (RLIN)
No. of Items 1
905 ## - LOCAL DATA ELEMENT E, LDE (RLIN)
Cataloger Fatma
Reviser Cataloger
905 ## - LOCAL DATA ELEMENT E, LDE (RLIN)
Cataloger Nazla
Reviser Revisor
942 ## - ADDED ENTRY ELEMENTS (KOHA)
Source of classification or shelving scheme Dewey Decimal Classification
Koha item type Thesis
المقتنيات
Source of classification or shelving scheme Not for loan Home library Current library Date acquired Full call number Barcode Date last seen Koha item type Copy number
Dewey Decimal Classification   المكتبة المركزبة الجديدة - جامعة القاهرة قاعة الرسائل الجامعية - الدور الاول 11.02.2024 Cai01.12.05.M.Sc.2009.Sa.A 01010110051977000 22.09.2023 Thesis  
Dewey Decimal Classification   المكتبة المركزبة الجديدة - جامعة القاهرة مخـــزن الرســائل الجـــامعية - البدروم 11.02.2024 Cai01.12.05.M.Sc.2009.Sa.A 01020110051977000 22.09.2023 CD - Rom 51977.CD
Cairo University Libraries Portal Implemented & Customized by: Eng. M. Mohamady Contacts: new-lib@cl.cu.edu.eg | cnul@cl.cu.edu.eg
CUCL logo CNUL logo
© All rights reserved — Cairo University Libraries
CUCL logo
Implemented & Customized by: Eng. M. Mohamady Contact: new-lib@cl.cu.edu.eg © All rights reserved — New Central Library
CNUL logo
Implemented & Customized by: Eng. M. Mohamady Contact: cnul@cl.cu.edu.eg © All rights reserved — Cairo National University Library